Datum a čas kvízu
23
Celkem bodů
Celkový počet nahraných bodů na tomto kvízu bez doplňovacích otázek.
9.
Pořadí na kvízu
Konečné umístění týmu na tomto kvízu.
Zaznamenané odpovědi
| # | Otázka | Odpověď | Body | Výsledky |
|---|---|---|---|---|
| 1. | Lele Ceterové, partnerce bojov... | Rocky | 1 | |
| 2. | Které oblečení zakázal severok... | A | 1 | |
| 3. | Ve Vlastivědném muzeu v Olomou... | modrotisk | 0 | |
| 4. | Životní úroveň v Česku se loni... | Lucembursko | 0 | |
| 5. | Brankář týmu Arizona Coyotes s... | Karel Vejmelka | 1 | |
| 6. | Po slavných psech a koních při... | 1963 (Uznáváme 1960–66.) | 1 | |
| 7. | Kočka na obrázku pochází ze st... | Simonova kočka (Simon's Cat) | 1 | |
| 8. | Kočku na obrázku nejspíš někdy... | C. Tardar Sauce | 0 | |
| 9. | Neopomeneme ani slavné literár... | Křivonožka (v originálu Crookshanks) | 0 | |
| 10. | Téma slavných koček zakončíme... | Bastet (též Baset, Baast, Ubaste) | 0 |